000
00317nam a2200121Ia 4500
008
230717s1967 xx 000 0 und d
020
_a
81-7504-015-7
041
_a
eng
082
_a
346.02
_b
WEE
100
_a
Weeramantry C. G
245
_a
Law Of Contracts V.01
260
_a
New Delhi
_b
Lawman (India) Pvt. Ltd.
_c
1967
999
_c
673531
_d
673531